تحت شمس الكتابة : (Record no. 14564)

MARC details
000 -الفاتح
حقل البيانات ثابتة الطول 00846nam a2200241 i 4500
003 - محدد رقم الضبط
رقم الضبط EG-ScBUE
005 - وقت وتاريخ اخر تعامل مع التسجيلة
رقم الضبط 20240708085558.0
008 - عناصر البيانات ثابتة الطول - معلومات عامة
حقل البيانات ثابتة الطول 100727s1999 su f 001 0bara d
017 ## - رقم الإيداع القانونى
رقم الإيداع القانونى 99 / 7223
040 ## - مصدر الفهرسة
وكالة الفهرسة الأصلية EG-ScBUE
لغة الفهرسة ara
قواعد الوصف rda
وكالة النسخ EG-ScBUE
وكالة التعديل EG-ScBUE
082 04 - رقم تصنيف ديوى العشرى
رقم الطبعة 22
رقم التصنيف 928.162
رقم المادة ت ح ت
245 00 - بيان العنوان
العنوان تحت شمس الكتابة :
بقية العنوان شهادات ودراسات في سليمان فياض.
264 #1 - النشر، التوزيع
مكان الناشر او الموزع الرياض :
اسم الناشر او الموزع دار المريخ،
تاريخ النشر أو التوزيع 1999.
300 ## - الوصف المادى
التعداد 609 صفحة ؛
أبعاد الوعاء 24 سم
336 ## - نوع المحتوى
source rdacontent
Carrier Type Term نص
Content Type Code txt
337 ## - نوع الوسيط
Media Type Term بدون وسيط
source rdamedia
Media Type Code n
338 ## - نوع الحامل أو الناقل
Carrier Type Term مجلد
Carrier Type Code nc
source rdacarrier
500 ## - تبصرة عامة
تبصرة عامة يشتمل عى كشاف.
600 17 - المدخل الاضافى بالموضوع-اسم شخصى
مصدر الرأس أو المصطلح BUEsh
الإسم الشخصى فياض، سليمان،‏
التواريخ المصاحبة للاسم 1929-2015‏.
650 #7 - المدخل الاضافى بالموضوع-مصطلح موضوعى
9 (RLIN) 11526
مصطلح موضوعي أو اسم جغرافي كعنصر مدخل الأدباء المصريون
التقسيم الفرعي الشكلي تراجم.
مصدر الرأس أو المصطلح BUEsh
655 ## - مصطلح تكشيفى-نوع/شكل
التقسيم الفرعي الشكلي Reading book
942 ## - عناصر المدخل الإضافي( كوها)
مصدر التصنيف او مخطط الترفيف Dewey Decimal Classification
Koha [default] item type Book - Borrowing
Holdings
حالة التراجع حالة الفقد مصدر التصنيف او خطة الترفيف حالة تلف ليس للاعارة مجموعات كوها المكان الدائم المكان الحالي موقع الترفيف تاريخ الاكتساب Source of acquisition رقم الاستدعاء الباركود Date last seen نوع الوعاء
    Dewey Decimal Classification     Alef-Baa Central Library Central Library Second Floor 27/07/2010 Purchase 928.162 ت ح ت 000025209 15/07/2025 Book - Borrowing